000 01710cam a22002054a 4500
005 20250605163634.0
008 250528s ||||||||||||||||||||||||d
035 _a23235
020 _a9786185036201
040 _aGR-AtMCL
_bgre
_dGR-AtMCL
_eAACR2
245 1 _aΕπιχειρησιακή Έρευνα
250 _a
260 _bΠροπομπός,
_c2015
300 _a864
520 _aΤο βιβλίο αποτελεί βασικό και ουσιώδες βοήθημα για προπτυχιακούς και μεταπτυχιακούς φοιτητές διαφορετικών ειδικοτήτων, όπως διοίκησης, οικονομίας, μηχανικών, πληροφορικών κ.α. στη μελέτη και κατανόηση των τεχνικών επιχειρησιακής έρευνας στις αντίστοιχες επιστήμες. Πρόλογος, Ο Ρόλος της Επιχειρησιακής Έρευνας στη Λήψη Αποφάσεων, Γραμμικός Προγραμματισμός, Ο Γραμμικός Προγραμματισμός στην Πράξη - Προβλήματα με ακέραιες Μεταβλητές και Προγραμματισμός Στόχων, Προβλήματα Μεταφορών και Αναθέσεων, Δικτυωτή Ανάλυση, Δυναμικός Προγραμματισμός, Θεωρία Αποφάσεων, Θεωρία Παιγνίων, Ουρές Αναμονής, Μοντέλα Διαχείρισης Αποθεμάτων, Προσομοίωση, Ευρετήριο.
700 1 _aΥψηλάντης Παντελής
942 _cBK
999 _c8264
_d8264